000 00227nam a2200097Ia 4500
008 190216s9999||||xx |||||||||||||| ||und||
100 _aAndranove
245 0 _aDravida Bhashakal
260 _bKerala Bhasha Institute
942 _cBK
999 _c37890
_d37890